| 000 | 00659nam a22002173a 4500 | ||
|---|---|---|---|
| 005 | 20210223124523.0 | ||
| 008 | 011016s1995 mx fr 000 0 spa d | ||
| 020 | _a1567991882 | ||
| 035 | _aUPN01000114223 | ||
| 049 | _aCE | ||
| 050 | 4 |
_aTT175 _bD3.8 |
|
| 100 | 1 |
_aDavis, Jodie, _d1959- |
|
| 245 | 1 | 0 |
_aTeach yourself cloth dollmaking : _bsimple techniques and patterns for dolls and doll clothes / _cJodie David ; fotog., Bill Milne. |
| 260 |
_aNew York : _bFriedman / Fairfax, _c1995 |
||
| 300 |
_a128 p. : _bil., col. |
||
| 650 | 4 |
_aMUÑECAS (JUGUETES) _97399 |
|
| 650 | 4 | _aROPA DE MUÑECAS. | |
| 901 | _a171783 | ||
| 902 | _aLG/pgv | ||
| 905 | _aLibro | ||
| 999 |
_c88131 _d88131 |
||